| 000 | 00988nam a22002297a 4500 | ||
|---|---|---|---|
| 999 |
_c15945 _d15945 |
||
| 005 | 20181124162250.0 | ||
| 008 | 080929t xxu||||| |||| 00| 0 hin d | ||
| 010 | _aB-284105 | ||
| 020 |
_a8190406809 _c250.00 |
||
| 035 | _aB-284105 | ||
| 035 | _aB-244638, B-244631 | ||
| 035 | _aB-244618 | ||
| 037 | _bBPPD | ||
| 040 |
_aDPL _bHN |
||
| 082 | _a004 | ||
| 100 |
_aनाथावत, शंकर सिंह _940260 |
||
| 245 |
_aकम्प्यूटर विज्ञान / _cशंकर सिंह नाथावत |
||
| 260 |
_aजयपुर _bमोनिका पब्लिकेशन _c2007 |
||
| 270 |
_aदु.नं.1-2 , अरिहन्त कॉम्प्लेक्स ,माहेश्वरी सेवा सदन के पीछे ,चांदपोल बाजार _bजयपुर _e302001 |
||
| 300 |
_a202 पृ. _b22 सेमी (सजिल्द) |
||
| 942 |
_2ddc _cHN _h004 _mनाथाव |
||